[Event "Davos op"]
[Site "Davos"]
[Date "2008.08.16"]
[Round "7"]
[White "Sauter, Hinko"]
[Black "Giacomini, Plinio"]
[Result "0-1"]
[WhiteElo "1574"]
[BlackElo "2046"]
[PlyCount "48"]
[EventDate "2008.08.10"]
[EventType "swiss"]
[EventRounds "7"]
[EventCountry "SUI"]
[SourceTitle "CBM 126 Extra"]
[Source "ChessBase"]
[SourceDate "2008.11.05"]
[SourceVersion "1"]
[SourceVersionDate "2008.11.05"]
[SourceQuality "1"]

1. e4 e5 2. Nf3 Nc6 3. Bb5 a6 4. Ba4 Nf6 5. 0-0 Nxe4 6. Qe2 Nc5 7. Bxc6 dxc6 8. Nxe5 Be7 9. Re1 Ne6 10. Qh5 0-0 11. c3 f6 12. Nc4 Nf4 13. Qf3 Nd3 14. Rf1 Rb8 15. a4 b5 16. Ne3 Bb7 17. Qf5 Re8 18. b4 Bf8 19. f4 Bc8 20. Qh5 Re4 21. g3 Bb7 22. Ba3 Qd7 23. Qf5 Qe8 24. Rf3 Bc8 0-1

[Event "Davos op 5th"]
[Site "Davos"]
[Date "2006.08.10"]
[Round "5"]
[White "Giacomini, Plinio"]
[Black "Salzer, Robert"]
[Result "1/2-1/2"]
[WhiteElo "2051"]
[BlackElo "1728"]
[PlyCount "77"]
[EventDate "2006.08.06"]
[EventType "swiss"]
[EventRounds "7"]
[EventCountry "SUI"]
[SourceTitle "EXT 2008"]
[Source "ChessBase"]
[SourceDate "2007.11.25"]
[SourceVersion "1"]
[SourceVersionDate "2007.11.25"]
[SourceQuality "1"]

1. e4 c5 2. Nf3 Nc6 3. d4 cxd4 4. Nxd4 Nf6 5. Nc3 d6 6. Be3 a6 7. Bc4 e6 8. Bb3 Be7 9. 0-0 0-0 10. f4 Qc7 11. Qf3 Na5 12. Qg3 Nxb3 13. axb3 b5 14. Ndxb5 Qb7 15. e5 axb5 16. exf6 Bxf6 17. Rxa8 Qxa8 18. Nxb5 Qc6 19. Nd4 Qd5 20. c3 h5 21. b4 Qa2 22. Qf2 Bb7 23. Qc2 Ra8 24. Nb3 Qa6 25. Bd4 Bd8 26. Ra1 Qc6 27. Rxa8 Bxa8 28. c4 h4 29. h3 Bc7 30. b5 Qb7 31. Qf2 d5 32. Nc5 Qc8 33. b3 Bd6 34. Qe3 dxc4 35. bxc4 Qc7 36. Qf2 Bxf4 37. Qxh4 e5 38. Bf2 e4 39. Bd4 1/2-1/2

[Event "Davos op 4th"]
[Site "Davos"]
[Date "2005.08.06"]
[Round "8"]
[White "Frei, Eugen"]
[Black "Giacomini, Plinio"]
[Result "1-0"]
[WhiteElo "2043"]
[BlackElo "2057"]
[PlyCount "167"]
[EventDate "2005.07.30"]
[EventType "swiss"]
[EventRounds "9"]
[EventCountry "SUI"]
[SourceTitle "EXT 2006"]
[Source "ChessBase"]
[SourceDate "2005.11.24"]
[SourceVersion "1"]
[SourceVersionDate "2005.11.24"]
[SourceQuality "1"]

1. e4 e5 2. Nf3 Nc6 3. Bb5 a6 4. Ba4 Nf6 5. d3 d6 6. h3 g6 7. c3 Bg7 8. Bg5 0-0 9. 0-0 b5 10. Bc2 Qe8 11. Re1 Nd7 12. b4 Kh8 13. a4 bxa4 14. Rxa4 Bb7 15. Nbd2 f6 16. Bh4 Nd8 17. Nc4 Nb6 18. Nxb6 cxb6 19. d4 b5 20. Ra3 Ne6 21. Bg3 Rc8 22. Qd2 Rf7 23. h4 Qf8 24. Bb3 Re7 25. Ba2 Nc7 26. Qd3 Qe8 27. Nd2 Bh6 28. Nf1 Ne6 29. Qf3 Qf8 30. h5 Ng5 31. Qg4 f5 32. exf5 gxf5 33. Qd1 f4 34. Bh4 Rg7 35. Bxg5 Rxg5 36. f3 Qe7 37. dxe5 dxe5 38. Bb1 Rxh5 39. Qd3 Rd8 40. Qe2 Qh4 41. Rd1 Rg8 42. g4 fxg3 43. Qg2 Qf4 44. Rd7 e4 45. Rxb7 Rh2 46. Bxe4 Rxg2+ 47. Kxg2 Bg7 48. Rxa6 Re8 49. Nxg3 Rd8 50. Kh3 Be5 51. Rxh7+ Kg8 52. Rg6+ Kf8 53. Rh5 Ke7 54. Rh7+ Kf8 55. Rh5 Ke7 56. Rgg5 Bc7 57. Rh7+ Kf6 58. Rf5+ Qxf5+ 59. Nxf5 Be5 60. Rb7 Rh8+ 61. Kg2 Bxc3 62. Rxb5 Rd8 63. Rb7 Rd2+ 64. Kf1 Rb2 65. b5 Bb4 66. Ne3 Bc5 67. Nd5+ Ke6 68. Ke1 Kd6 69. Kd1 Bd4 70. Nf4 Be3 71. Nd3 Ra2 72. Nb4 Rd2+ 73. Ke1 Rb2 74. Nd3 Ra2 75. Bc6 Rh2 76. Rd7+ Ke6 77. Rd5 Bb6 78. f4 Rg2 79. f5+ Kf6 80. Kd1 Rh2 81. Bd7 Ba5 82. Kc1 Bc7 83. b6 Bb8 84. b7 1-0

[Event "Davos op 4th"]
[Site "Davos"]
[Date "2005.07.31"]
[Round "2"]
[White "Giacomini, Plinio"]
[Black "Sieber, Wolfgang"]
[Result "1/2-1/2"]
[WhiteElo "2057"]
[BlackElo "1866"]
[PlyCount "44"]
[EventDate "2005.07.30"]
[EventType "swiss"]
[EventRounds "9"]
[EventCountry "SUI"]
[SourceTitle "EXT 2006"]
[Source "ChessBase"]
[SourceDate "2005.11.24"]
[SourceVersion "1"]
[SourceVersionDate "2005.11.24"]
[SourceQuality "1"]

1. e4 e5 2. Nf3 Nc6 3. d4 exd4 4. Nxd4 Bc5 5. Be3 Qf6 6. c3 Nge7 7. Bc4 Ne5 8. Be2 Qg6 9. 0-0 Qxe4 10. b4 Bb6 11. Nd2 Qg6 12. c4 Bxd4 13. Bxd4 d6 14. Bh5 Qf5 15. b5 0-0 16. h3 Be6 17. Rc1 d5 18. c5 c6 19. a4 f6 20. Rc3 Bf7 21. Be2 g5 22. Re1 N7g6 1/2-1/2

[Event "Lugano op"]
[Site "Lugano"]
[Date "2004.10.31"]
[Round "4"]
[White "Botta, Giancarlo"]
[Black "Giacomini, Plinio"]
[Result "0-1"]
[WhiteElo "1649"]
[BlackElo "2057"]
[PlyCount "44"]
[EventDate "2004.10.30"]
[EventType "swiss"]
[EventRounds "6"]
[EventCountry "SUI"]
[SourceTitle "EXT 2007"]
[Source "ChessBase"]
[SourceDate "2006.11.23"]
[SourceVersion "1"]
[SourceVersionDate "2006.11.23"]
[SourceQuality "1"]

1. e4 e5 2. Nf3 Nc6 3. Bb5 a6 4. Ba4 Nf6 5. 0-0 Nxe4 6. Re1 Nc5 7. Bxc6 dxc6 8. Nxe5 Be7 9. d4 Ne6 10. c3 0-0 11. Nd2 f6 12. Nef3 Rf7 13. Ne4 Nf8 14. Bf4 Ng6 15. Bg3 f5 16. Neg5 Bxg5 17. Nxg5 Qxg5 18. Re8+ Rf8 19. Qb3+ Kh8 20. Qf7 Qf6 21. Rxf8+ Nxf8 22. Qxc7 Ne6 0-1

[Event "Lugano op"]
[Site "Lugano"]
[Date "2003.10.31"]
[Round "4"]
[White "Giacomini, Plinio"]
[Black "Gagliardi, Claudio"]
[Result "1-0"]
[WhiteElo "1871"]
[BlackElo "1672"]
[PlyCount "53"]
[EventDate "2003.10.31"]
[EventType "swiss"]
[EventRounds "6"]
[EventCountry "SUI"]
[SourceTitle "EXT 2007"]
[Source "ChessBase"]
[SourceDate "2006.11.23"]
[SourceVersion "1"]
[SourceVersionDate "2006.11.23"]
[SourceQuality "1"]

1. e4 g6 2. d4 c6 3. Nf3 d5 4. e5 Bg4 5. h3 Bxf3 6. Qxf3 Bg7 7. Bd3 Nh6 8. Nc3 Qb6 9. Ne2 0-0 10. c3 Na6 11. 0-0 Nc7 12. Bg5 f6 13. exf6 exf6 14. Bf4 Nf7 15. h4 Ne6 16. Qg4 f5 17. Qf3 Qd8 18. g3 Nd6 19. Bxd6 Qxd6 20. Kg2 f4 21. g4 Rf7 22. Rh1 Raf8 23. Bc2 Bf6 24. h5 Bh8 25. hxg6 hxg6 26. Bxg6 Rg7 27. Qh3 1-0

[Event "Lugano op"]
[Site "Lugano"]
[Date "2003.10.31"]
[Round "2"]
[White "Napoli, Ferdinando"]
[Black "Giacomini, Plinio"]
[Result "1-0"]
[WhiteElo "1624"]
[BlackElo "1871"]
[PlyCount "30"]
[EventDate "2003.10.31"]
[EventType "swiss"]
[EventRounds "6"]
[EventCountry "SUI"]
[SourceTitle "EXT 2007"]
[Source "ChessBase"]
[SourceDate "2006.11.23"]
[SourceVersion "1"]
[SourceVersionDate "2006.11.23"]
[SourceQuality "1"]

1. e4 e5 2. Nf3 Nc6 3. Bb5 a6 4. Ba4 Nf6 5. 0-0 Nxe4 6. d4 b5 7. Bb3 d5 8. dxe5 Be6 9. c3 Be7 10. Nbd2 Qd7 11. Re1 Nc5 12. Bc2 Bf5 13. Nf1 Rd8 14. Ng3 Ne4 15. Nxf5 Qxf5 1-0